UBT Library

Public speaking: (Record no. 1284)

000 -LEADER
fixed length control field 00414nam a22001577a 4500
008 - FIXED-LENGTH DATA ELEMENTS--GENERAL INFORMATION
fixed length control field 151015b xxu||||| |||| 00| 0 eng d
020 ## - INTERNATIONAL STANDARD BOOK NUMBER
International Standard Book Number 0205341705
041 0# - LANGUAGE CODE
Language code of text/sound track or separate title eng
080 ## - UNIVERSAL DECIMAL CLASSIFICATION NUMBER
Universal Decimal Classification number 001.8
245 0# - TITLE STATEMENT
Title Public speaking:
Statement of responsibility, etc David Zarefsky.
250 ## -
-- 3rd ed.
260 ## -
-- 2002.
-- Boston:
-- Pearson;
300 ## -
-- 476 f.:
-- me il,;
-- 24 cm.
650 #0 -
-- Të folurit publik
942 ## - ADDED ENTRY ELEMENTS (KOHA)
Source of classification or shelving scheme
Item type Books
Holdings
Withdrawn status Lost status Source of classification or shelving scheme Damaged status Not for loan Collection code Permanent location Current location Shelving location Date acquired Total Checkouts Full call number Barcode Date last seen Koha item type
          Koleksioni i përgjithshem UBT - Lipjan UBT - Lipjan Koleksioni i përgjithshem 10/15/2015   001.8 ZAR 002-008724 08/30/2017 Books
UBT Library © 2015-2024. All rights reserved University Education for Business and Technology